LEADER 00690nam a2200181 i 4500 001 000000134447 003 CaOOAMICUS 005 20100114000000.0 008 100114n it u000 u ita u 013 $a107615 040 $aSeMil$bita 100 1 $aSertillanges, Antonin-Dalmace,$c.$0(OLS)http://semarc/name/772 245 10$a[2] /$cAntonin-Dalmace Sertillanges. 300 $a283 p. 773 0 $aSertillanges, Antonin-Dalmace $tCathéchisme des incroyants.$dParis : Ernest Flammarion, 1930-$g2$w()18644 850 $aSeMil 852 $aSeMil$W1$xVenegono$y1$m2F II 173$j88199$B88199$CSeMilBibl$Z2$F146907 $81 996 $6245$a[2]$9(OLS)http://semarc/title/125956 LEADER 01853nam a2200325 i 4500 001 000000259016 003 CaOOAMICUS 005 20180627000000.0 008 180627s2012 it u000 u ita u 013 $a237924 020 $a978-88-209-8649-0 040 $aSeMil$bita 245 13$aLa penitenza tra 1. e 2. millennio :$bper una comprensione delle origini della penitenzieria apostolica /$ca cura di Manlio Sodi, Renata Salvarani ; presentazione di Sua Em.za il Card. Fortunato Baldelli e S. Em. il Card. Velasio De Paolis. 260 $aCittà del Vaticano :$bLibreria Editrice Vaticana,$c2012. 300 $a314 p., [4] c. di tav. :$bill. ;$c24 cm. 490 0 $aMonumenta Studia Instrumenta Liturgica ;$v65 500 $aAtti del Secondo Simposio sulla storia della Penitenzieria Apostolica. 650 4$aPenitenzieria apostolica - Storia.$0(OLS)http://semarc/subject/34431 650 4$aPenitenzieria apostolica - Congressi.$0(OLS)http://semarc/subject/46437 700 1 $aBaldelli, Fortunato .$0(OLS)http://semarc/name/93934 700 1 $aSalvarani, Renata,$d<1966- >.$0(OLS)http://semarc/name/3413 700 1 $aSodi, Manlio,$c.$0(OLS)http://semarc/name/180 700 1 $aDe Paolis, Velasio,$c.$0(OLS)http://semarc/name/89236 830 0$aMonumenta Studia Instrumenta Liturgica ;$v65.$0(OLS)http://semarc/title/9420 850 $aSeMil 852 $aSeMil$W1$xVenegono$y1$m3K VI 279$j209361$B209361$CSeMilBibl$Z2$F223142 $81 961 $aAcquisto: Città Nuova 996 $6020$a978-88-209-8649-0$9(OLS)http://semarc/number/284566 996 $6245$aLa penitenza tra 1. e 2. millennio :$bper una comprensione delle origini della penitenzieria apostolica$9(OLS)http://semarc/title/413868 996 $6260$aCittà del Vaticano :$bLibreria Editrice Vaticana$9(OLS)http://semarc/publisher/29734